| Поле | Название | Значение |
| |
Тип записи |
a |
| |
Библиографический уровень |
m |
| 001 |
Контрольный номер |
765dc5f887cc454787d64c39fbe0bfe0 |
| 005 |
Дата корректировки |
20260528163957.4 |
| 010 |
Индекс ISBN |
__ |
| a |
ISBN |
978-5-466-11521-5 |
| 100 |
Данные общей обработки |
__ |
| a |
Данные общей обработки |
20260528d2026 k y0rusy028902 ca |
| 101 |
Язык документа |
0_ |
| a |
Язык текста |
rus |
| 102 |
Страна публикации |
__ |
| a |
Страна публикации |
RU |
| 105 |
Кодированные данные (монография) |
__ |
| a |
Кодированные данные (монография) |
y z 001yy |
| 181 |
Поле кодированных данных: вид содержания |
_0 |
| a |
Код вида содержания (ISBD) |
i |
| 182 |
Поле кодированных данных: тип средства |
_0 |
| a |
Код типа средства (ISBD) |
n |
| 200 |
Заглавие и сведения об ответственности |
1_ |
| a |
Заглавие |
Запад против России: русофобия как оружие |
| e |
Сведения, относящиеся к заглавию |
монография |
| f |
Первые сведения об ответственности |
Е. А. Марков |
| g |
Последующие сведения об ответственности |
[Лига преподавателей высшей школы] |
| 203 |
Вид содержания и тип средства |
__ |
| a |
Вид содержания |
Текст |
| c |
Тип средства |
непосредственный |
| 210 |
Выходные данные |
1_ |
| a |
Место издания |
Москва |
| c |
Издательство |
RuScience |
| d |
Дата издания |
2026 |
| 215 |
Физическое описание |
__ |
| a |
Объем |
201, [1] с. |
| d |
Формат |
21 см |
| 300 |
Общие примечания |
__ |
| a |
Общие примечания |
Издательство в макете: РУСАЙНС |
| 320 |
Библиография |
__ |
| a |
Библиография |
Именной указатель: с. 182-185 |
| 320 |
Библиография |
__ |
| a |
Библиография |
Библиография: с. 186-202 (158 названий) и в подстрочных примечаниях |
| 330 |
Аннотация |
__ |
| a |
Аннотация |
Термин русофобия впервые был использован в XIX веке в сочинениях французских и немецких авторов. Но, на самом деле, история появления русофобии или враждебного отношения к России и всему русскому, начинается с раскола в 1054 году единой христианской церкви на католическую и православную. С этого времени приверженцы римской католической церкви стали считать православных русских еретиками, само существование которых угрожает католичеству. Автор, опираясь на работы исследователей данной проблематики, описал причины появления и особенности распространения русофобии в 10 странах Европы, а также в США. |
| 517 |
Другие варианты заглавия |
1_ |
| a |
Другие варианты заглавия |
Русофобия как оружие |
| 606 |
Тематические рубрики |
__ |
| 2 |
Код системы |
nlr_sh |
| a |
Основная рубрика |
История |
| 606 |
Тематические рубрики |
__ |
| 2 |
Код системы |
nlr_sh |
| a |
Основная рубрика |
История России в целом |
| y |
Географическая подрубрика |
Россия |
| y |
Географическая подрубрика |
Европа |
| y |
Географическая подрубрика |
США |
| 610 |
Ключевые слова |
0_ |
| a |
Ключевые слова |
исторические исследования |
| 610 |
Ключевые слова |
0_ |
| a |
Ключевые слова |
русофобия |
| 610 |
Ключевые слова |
0_ |
| a |
Ключевые слова |
гибридные войны |
| 610 |
Ключевые слова |
0_ |
| a |
Ключевые слова |
информационные войны |
| 610 |
Ключевые слова |
0_ |
| a |
Ключевые слова |
международные отношения |
| 610 |
Ключевые слова |
0_ |
| a |
Ключевые слова |
идеологическое противостояние |
| 686 |
Индексы других классификаций |
__ |
| 2 |
Код системы |
rubbks |
| a |
Классификационный индекс |
63.3(2)-38 |
| 700 |
Автор |
_1 |
| a |
Фамилия |
Марков |
| b |
Имя |
Е. А. |
| f |
Даты |
1954- |
| g |
Полное личное имя |
Евгений Алфеевич |
| 4 |
Код отношения |
070 |
| 712 |
Наименование организации (Вторичная ответственность) |
02 |
| a |
Организация/ юрисдикция |
Лига преподавателей высшей школы |
| c |
Место постоянной организации |
Москва |
| 801 |
Источник записи |
_0 |
| a |
Страна |
RU |
| b |
Организация |
Муниципальное бюджетное учреждение культуры "Централизованная библиотечная система" г. Сургут (Центральная городская библиотека им. А. С. Пушкина) |
| c |
Дата составления |
20260528 |
| g |
Правила каталогизации |
PSBO |
| 801 |
Источник записи |
_1 |
| a |
Страна |
RU |
| b |
Организация |
Муниципальное бюджетное учреждение культуры "Централизованная библиотечная система" г. Сургут (Центральная городская библиотека им. А. С. Пушкина) |
| c |
Дата составления |
20260528 |
| g |
Правила каталогизации |
PSBO |
| 852 |
Данные о местонахождении |
__ |
| i |
Авторский знак |
М 26 |
| j |
Шифр хранения |
63.3(2)-38 |
| 901 |
Тип документа |
__ |
| a |
Ответственный |
КиК/Обаева |
| t |
Тип документа |
m |
| 901 |
Тип документа |
__ |
| a |
Ответственный |
без партии |
| 903 |
Характеристики (МАРС) |
__ |
| a |
Дата передачи |
20260528 |
| c |
Наименование библиотеки (МАРС) |
Муниципальное бюджетное учреждение культуры "Централизованная библиотечная система" г. Сургут (Центральная городская библиотека им. А. С. Пушкина) |
| 969 |
Тип издания |
__ |
| a |
Тип издания |
Ф 26 |
| a |
Тип издания |
научное издание |
| a |
Тип издания |
историческая литература |